Les Caraïbes : Capitales - Statistics

General Stats
  • This quiz has been taken 9 times
  • The average score is 6 of 14
Answer Stats
Hint Réponse % Correct
Jamaïque Kingston
78%
Saint-Vincent-et-les-grenadines Kingstown
78%
Bahamas Nassau
78%
Barbade Bridgetown
67%
Dominique Roseau
67%
Guadeloupe Basse-terre
44%
Basseterre
44%
Sainte-Lucie Castries
44%
Cuba La Havane
44%
Fort-de-France
11%
Aruba Oranjestad
11%
Charlotte Amalie
0%
Cockburn Town
0%
George Town
0%
No matching quizzes found
Score Distribution
Percent of People with Each Score
Percentile by Number Answered
Your Score History
You have not taken this quiz